DERECHO PROCESAL CIVIL (Registro nro. 6571)
[ vista simple ]
| 000 -LEADER | |
|---|---|
| fixed length control field | 00540nam a2200205 a 4500 |
| 001 - CONTROL NUMBER | |
| control field | 6571 |
| 005 - DATE AND TIME OF LATEST TRANSACTION | |
| control field | 20180713190437.0 |
| 008 - FIXED-LENGTH DATA ELEMENTS--GENERAL INFORMATION | |
| fixed length control field | 140415s1991 mx 000 0 spa d |
| 020 ## - INTERNATIONAL STANDARD BOOK NUMBER | |
| International Standard Book Number | 9706130179 |
| 041 ## - LANGUAGE CODE | |
| Language code of text/sound track or separate title | spa |
| 082 ## - DEWEY DECIMAL CLASSIFICATION NUMBER | |
| Classification number | 346 |
| Item number | GOM |
| 100 1# - MAIN ENTRY--PERSONAL NAME | |
| Personal name | Gómez Lara, Cipriano,. |
| 245 10 - TITLE STATEMENT | |
| Title | DERECHO PROCESAL CIVIL |
| 250 ## - EDITION STATEMENT | |
| Edition statement | 5a ed. |
| 260 ## - PUBLICATION, DISTRIBUTION, ETC. | |
| Place of publication, distribution, etc. | MEXICO : |
| Name of publisher, distributor, etc. | HARLA, |
| Date of publication, distribution, etc. | 1991 |
| 300 ## - PHYSICAL DESCRIPTION | |
| Extent | 421 |
| 490 ## - SERIES STATEMENT | |
| Series statement | TEXTOS JURIDICOS UNIVERSITARIOS |
| 650 14 - SUBJECT ADDED ENTRY--TOPICAL TERM | |
| Topical term or geographic name entry element | PROCEDIMIENTO CIVIL |
| 700 1# - ADDED ENTRY--PERSONAL NAME | |
| Personal name | MONTIEL HERRERA, RODOLFO |
| Relator term | pról. |
| Withdrawn status | Lost status | Source of classification or shelving scheme | Damaged status | Not for loan | Collection code | Home library | Current library | Shelving location | Date acquired | Source of acquisition | Total Checkouts | Full call number | Barcode | Price effective from | Koha item type | Date last seen | Date last checked out | Inventory number |
|---|---|---|---|---|---|---|---|---|---|---|---|---|---|---|---|---|---|---|
| Dewey Decimal Classification | General | Biblioteca Karol Wojtyla | Biblioteca Karol Wojtyla | Sala general | 03/12/2013 | Compra | 346 GOM | 32165 | 03/12/2013 | Libro | 05/01/2026 | 151000000000000000057859 | ||||||
| No inventariado | Dewey Decimal Classification | Biblioteca Karol Wojtyla | Biblioteca Karol Wojtyla | 03/12/2013 | Compra | 346 GOM | 19114 | 03/12/2013 | Libro | |||||||||
| Descarte | Dewey Decimal Classification | General | Tehuacán | Tehuacán | Sala general | 03/12/2013 | Compra | 346 | 34750 | 03/12/2013 | Libro | |||||||
| Descarte | Dewey Decimal Classification | General | Tehuacán | Tehuacán | Sala general | 03/12/2013 | Compra | 1 | 346 GOM | 34749 | 03/12/2013 | Libro | 22/01/2019 | 29/08/2018 | ||||
| Descarte | Dewey Decimal Classification | General | Tehuacán | Tehuacán | Sala general | 03/12/2013 | Compra | 1 | 346 GOM | 20221 | 03/12/2013 | Libro | 04/09/2018 | 28/08/2018 | ||||
| Descarte | Dewey Decimal Classification | General | Tehuacán | Tehuacán | Sala general | 03/12/2013 | Compra | 346 | 19113 | 03/12/2013 | Libro |